000 00377nam a2200133Ia 4500
005 20260328101520.0
008 260328s9999||||xx |||||||||||||| ||und||
100 _aMoré, Gustavo Luis
245 0 _aIV Encuentro de Arquitectura tropical /
_cGustavo Luis Moré
260 _bArchivos de Arquitectura Antillana
300 _a185 p.
650 _aARQUITECTURA Y CLIMA
942 _cBK
999 _c9553
_d9553